000
00300nam a22001097a 4500
999
_c
39080
_d
39080
020
_a
9789394262829
100
_a
Vogel, J.PH.
245
_a
Indian Serpent- Lore or The Nagas in Hindu Legend and art
_c
By J.PH. Vogel
260
_a
New Delhi;
_b
Manohar,
_c
2023.
300
_a
xiv,318p.
942
_2
ddc
_c
BK